Torhüter der Bundesliga - Statistiken

Allgemein
  • Dieses Quiz wurde 323 mal gespielt
  • Das Durchschnittsergebnis liegt bei 14 aus 18
Antwortstatistiken
Nationalität Team Torhüter % Korrekt
Deutschland FC Bayern München Manuel Neuer
100%
Deutschland Eintracht Frankfurt Kevin Trapp
94%
Schweiz Borussia Mönchengladbach Yann Sommer
94%
Schweiz Borussia Dortmund Gregor Kobel
93%
Deutschland TSG 1899 Hoffenheim Oliver Baumann
89%
Ungarn RB Leipzig Peter Gulacsi
85%
Finnland Bayer 04 Leverkusen Lukas Hradecky
83%
Tschechien SV Werder Bremen Jiri Pavlenka
81%
Belgien VfL Wolfsburg Koen Casteels
81%
Niederlande 1, FC Freiburg Mark Flekken
80%
Dänemark 1. FC Union Berlin Frederik Rönnow
74%
Deutschland VfL Bochum Manuel Riemann
72%
Deutschland VfB Stuttgart Florian Müller
70%
Deutschland 1. FC Köln Marvin Schwäbe
67%
Polen FC Augsburg Rafal Gikiewicz
66%
Deutschland 1. FSV Mainz 05 Robin Zentner
65%
Deutschland FC Schalke 04 Alexander Schwolow
64%
Dänemark Hertha BSC Berlin Oliver Christensen
48%
Keine übereinstimmenden Quizze gefunden
Verteilung der Resultate
Anzahl Personen mit jedem Resultat
Perzentil nach korrekt beantworteten Fragen
Ihre Resultats-Entwicklung
Sie haben dieses Quiz noch nicht gespielt